000 00918nam a2200193 i 4500
001 164733
003 ES-MaACL
005 20250526063011.0
008 931025s1811 sp |||| | spa d
040 _aAS
_bspa
_cPAB
100 1 _aSanta Cruz de Marcenado, Joaquín Navia Ossorio,
_cMarqués de,
_d1750-1816
_9156867
245 1 0 _aRepresentaciones del capitán General Marqués de Santa Cruz de Marcenado a la Junta Suprema Central, al Consejo de Regencia y alas [sic] Cortes Extraordinarias de España.
260 _aEn La Coruña :
_b[s.n.],
_c1811 (
_fen la Oficina de D. Francisco Candido Perez Prieto)
300 _a71 p. ;
_c20 cm.
594 _aTítulo tomado de la cabecera del texto.
651 4 _aEspaña-
_xHistoria-
_y1808-1814, Guerra de la Independencia
_98244
852 _aES-MaACL
_jT-1392-F-5
_z-- Enc. hol.
_q-- Falto de la port.
_z-- Enc. en un vol. facticio
999 _c164733
_d164733